00561nam a22001577a 4500003000400000008004100004020001800045082001800063245011800081260005200199300001600251650004100267650003100308650004200339700002200381OSt260605b |||||||| |||| 00| 0 eng d a9789388020268 a631.584bS61A aAadhunik Jaivik Krishi: Jalvayu Parivartan Evam Jaiv Vividhata Ke Sandharbh Mein/bby Anil Kumar Singh...[et al.] aDelhi: bSatish Serial Publishing House, c2018 axvi, 253 p. aAgriculture and related technologies aCultivation and harvesting aOrganic farming / Organic Agriculture aSingh, Anil Kumar